|
|
|
|
| LEADER |
01733nam a2200445Ia 4500 |
| 001 |
EBC200489 |
| 003 |
MiAaPQ |
| 005 |
20200520144314.0 |
| 006 |
m o d | |
| 007 |
cr cn||||||||| |
| 008 |
030813s2004 enk sb 001 0 eng d |
| 010 |
|
|
|z 2003058641
|
| 020 |
|
|
|z 0203300351
|
| 020 |
|
|
|z 0415322529
|
| 020 |
|
|
|z 0415322537 (pbk.)
|
| 035 |
|
|
|a (MiAaPQ)EBC200489
|
| 035 |
|
|
|a (Au-PeEL)EBL200489
|
| 035 |
|
|
|a (CaPaEBR)ebr10098868
|
| 035 |
|
|
|a (CaONFJC)MIL7676
|
| 035 |
|
|
|a (OCoLC)56573388
|
| 040 |
|
|
|a MiAaPQ
|c MiAaPQ
|d MiAaPQ
|
| 050 |
|
4 |
|a HB99.5
|b .H635 2004
|
| 082 |
0 |
4 |
|a 330.15/52
|2 22
|
| 100 |
1 |
|
|a Hodgson, Geoffrey Martin,
|d 1946-
|
| 245 |
1 |
4 |
|a The evolution of institutional economics
|h [electronic resource] :
|b agency, structure, and Darwinism in American institutionalism /
|c Geoffrey M. Hodgson.
|
| 260 |
|
|
|a London ;
|a New York :
|b Routledge,
|c 2004.
|
| 300 |
|
|
|a xxiii, 534 p.
|
| 490 |
1 |
|
|a Economics as social theory
|
| 500 |
|
|
|a Intended as a continuation of the discussion begun in his How economics forgot history.
|
| 504 |
|
|
|a Includes bibliographical references (p. [453]-510) and index.
|
| 533 |
|
|
|a Electronic reproduction. Ann Arbor, MI : ProQuest, 2015. Available via World Wide Web. Access may be limited to ProQuest affiliated libraries.
|
| 650 |
|
0 |
|a Institutional economics.
|
| 650 |
|
0 |
|a Evolutionary economics.
|
| 650 |
|
0 |
|a Agent (Philosophy)
|
| 650 |
|
0 |
|a Social structure.
|
| 655 |
|
4 |
|a Electronic books.
|
| 700 |
1 |
|
|a Hodgson, Geoffrey Martin,
|d 1946-
|t How economics forgot history.
|
| 710 |
2 |
|
|a ProQuest (Firm)
|
| 830 |
|
0 |
|a Economics as social theory.
|
| 856 |
4 |
0 |
|u https://ebookcentral.proquest.com/lib/matrademy/detail.action?docID=200489
|z Click to View
|